| 000 | 00711nam a2200205Ia 4500 | ||
|---|---|---|---|
| 001 | a1395-34907 | ||
| 003 | IT-MiCISF | ||
| 008 | 161014s9999||||xx |||||||||||||| ||und|| | ||
| 040 |
_aIT-MiCISF _cIT-MiCISF |
||
| 041 | _ait | ||
| 100 | _aAA.VV. | ||
| 245 | 0 |
_aPensieri per una buona educazione _bEssere adulti, educatori, genitori per comunicare il significato della vita |
|
| 250 | _a1a ed. | ||
| 260 |
_a Milano _bIn Dialogo _c2000 |
||
| 300 | _app. 203 | ||
| 500 | _aAzione Cattolica Ambrosiana / educazione-genitori, educazione-bambini, educazione-familiare, educazione, età-adulta / | ||
| 650 |
_a Genitorialità e problemi educativi / educazione _e004 |
||
| 942 | _cBK | ||
| 957 | _71 | ||
| 999 |
_a34907 _bsi _g1 _c217841 _d217841 |
||